000 00409nam a2200157Ia 4500
008 230711s9999||||xx |||||||||||||| ||und||
041 _aENG
082 _a320.954
_bYA-M
100 _aYadav, Vinita
245 0 _aMetropolitan Governance: Cases of Ahmedabad and Hyderbad
250 _a1st Ed.
260 _c2014
_aGhaziabad
_bCopal Publishing Group
300 _a302p.
650 _aArchitecture
942 _cBK
999 _c6055
_d6055